BIBLIOTECA PODER JUDICIAL
Portal Judicial TDF

Tratado de la ejecución / (Registro nro. 1365)

000 -LEADER
fixed length control field 01183nam a22002777a 4500
003 - CONTROL NUMBER IDENTIFIER
control field OSt
005 - DATE AND TIME OF LATEST TRANSACTION
control field 20191029062658.0
008 - FIXED-LENGTH DATA ELEMENTS--GENERAL INFORMATION
fixed length control field 180220b xxu||||| |||| 00| 0 spa d
020 ## - INTERNATIONAL STANDARD BOOK NUMBER
International Standard Book Number 9509072664 (v. 1)
020 ## - INTERNATIONAL STANDARD BOOK NUMBER
International Standard Book Number 9506790145 (v. 2)
020 ## - INTERNATIONAL STANDARD BOOK NUMBER
International Standard Book Number 9506790183 (v. 3)
040 ## - CATALOGING SOURCE
Transcribing agency PJ
100 ## - ASIENTO PRINCIPAL - NOMBRE DE PERSONA
9 (RLIN) 2051
Personal name Rodríguez, Luis A.
245 10 - MENCIÓN DE TÍTULO
Título propiamente dicho Tratado de la ejecución /
Mención de responsabilidad, etc Luis A. Rodríguez.
260 ## - PUBLICATION, DISTRIBUTION, ETC. (IMPRINT)
Place of publication, distribution, etc Buenos Aires :
Date of publication, distribution, etc Universidad,
Name of publisher, distributor, etc 1984-1991.
300 ## - DESCRIPCION FISICA
Extent 3 v.
Dimensions 23 cm.
Other physical details rústica
500 ## - NOTA GENERAL
General note Notas y citas bibliográficas a pie de página.
505 ## - FORMATTED CONTENTS NOTE
Formatted contents note Contenido:<br/>v. 1: Tomo 1. Teoría del embargo -- Embargos especiales -- Acciones, buques y aeronaves -- Ejecución contra el Estado -- Títulos ejecutivos.<br/>v. 2: Tomo II-A. Ejecución de sentencias -- Títulos ejecutivos -- Tarjetas de crédito.<br/>v. 3: Tomo II-B. Demanda ejecutiva -- Excepciones -- Sentencia -- Recurso.
650 #0 - ASIENTO SECUNDARIO DE MATERIA - TERMINO TEMATICO
9 (RLIN) 267
Topical term or geographic name as entry element DERECHO PROCESAL
650 #0 - ASIENTO SECUNDARIO DE MATERIA - TERMINO TEMATICO
9 (RLIN) 2020
Topical term or geographic name as entry element PROCESOS DE EJECUCIÓN
650 #0 - ASIENTO SECUNDARIO DE MATERIA - TERMINO TEMATICO
9 (RLIN) 2050
Topical term or geographic name as entry element EJECUCIONES ESPECIALES
650 #0 - ASIENTO SECUNDARIO DE MATERIA - TERMINO TEMATICO
9 (RLIN) 2021
Topical term or geographic name as entry element JUICIO EJECUTIVO
650 #0 - ASIENTO SECUNDARIO DE MATERIA - TERMINO TEMATICO
9 (RLIN) 2033
Topical term or geographic name as entry element SUBASTA
650 #0 - ASIENTO SECUNDARIO DE MATERIA - TERMINO TEMATICO
Topical term or geographic name as entry element SENTENCIA DE TRANCE Y REMATE
9 (RLIN) 2032
942 ## - ADDED ENTRY ELEMENTS (KOHA)
Source of classification or shelving scheme
Koha item type Libros
Classification part 347.952(035)
Item part ROD
Existencias
Withdrawn status Lost status Source of classification or shelving scheme Damaged status Not for loan Permanent Location Current Location Date acquired Serial Enumeration / chronology Total Checkouts Total Renewals Full call number Barcode Date last seen Date checked out Price effective from Koha item type
          Biblioteca Poder Judicial Sur Biblioteca Poder Judicial Sur 2018-09-05 V. 1 1 2 347.952(035) ROD 430 2019-10-02 2019-08-23 2018-09-05 Libros
          Biblioteca Poder Judicial Sur Biblioteca Poder Judicial Sur 2018-09-05 V. 2     347.952(035) ROD 431 2018-09-05   2018-09-05 Libros
          Biblioteca Poder Judicial Sur Biblioteca Poder Judicial Sur 2018-09-05 V. 3     347.952(035) ROD 432 2018-09-05   2018-09-05 Libros

12 de Octubre 789 Ushuaia - Tel:  54(02901)441571
Horario de Atención: 8.00 a 17.00 hs. 
bibliotecaush@justierradelfuego.gov.ar
koha@justierradelfuego.gov.ar
Seguinos en nuestras redes @bibliojustdf 

Con tecnología Koha